Industrial engineering and management science. -- 10th ed. (Record no. 46720)

MARC details
000 -LEADER
fixed length control field 00707nam a2200193 a 4500
008 - FIXED-LENGTH DATA ELEMENTS--GENERAL INFORMATION
fixed length control field 080929s2000 ||||||||||||||||| || u
050 ## - LIBRARY OF CONGRESS CALL NUMBER
Classification number T 56 Sha
100 ## - MAIN ENTRY--PERSONAL NAME
Personal name Argawal, N. K
245 10 - TITLE STATEMENT
Title Industrial engineering and management science. -- 10th ed.
Statement of responsibility, etc. S. C. Sharma; R. T. Banga; N. K. Argawal
250 ## - EDITION STATEMENT
Edition statement 10th ed.
260 ## - PUBLICATION, DISTRIBUTION, ETC.
Place of publication, distribution, etc. Delhi
Name of publisher, distributor, etc. Khanna Publishers
Date of publication, distribution, etc. 2000
300 ## - PHYSICAL DESCRIPTION
Extent xvi, 1085p.: ill.
350 ## - PRICE (NR) (BK AM CF MU VM SE) [OBSOLETE]
Price 48100.00
650 ## - SUBJECT ADDED ENTRY--TOPICAL TERM
Topical term or geographic name entry element Industrial engineering
650 ## - SUBJECT ADDED ENTRY--TOPICAL TERM
Topical term or geographic name entry element INDUSTRY
700 ## - ADDED ENTRY--PERSONAL NAME
Personal name Sharma, S. C
700 ## - ADDED ENTRY--PERSONAL NAME
Personal name Banga, T R
995 ## - RECOMMENDATION 995 [LOCAL, UNIMARC FRANCE]
-- 48100.00
-- CBU-MAIN LIBRARY (Kitwe)
-- 1
-- 0.00
-- 1
-- AVAILABLE
-- Sep 29, 2008
-- Annex Low-Usage Collection
Holdings
Withdrawn status Lost status Source of classification or shelving scheme Damaged status Not for loan Home library Current library Shelving location Date acquired Total Checkouts Full call number Barcode Date last seen Price effective from Koha item type
          CBU-MAIN LIBRARY, KITWE. CBU-MAIN LIBRARY, KITWE.   11/30/2022   T 56 Sha 738751 11/30/2022 11/30/2022 MONOGRAPH